banner-ar

الصناعة الصغيرة / (Record no. 65105)

MARC details
000 -الفاتح
حقل البيانات ثابتة الطول 00979nam a2200265Ia 4500
005 - وقت وتاريخ اخر تعامل مع التسجيلة
رقم الضبط 20240530110807.0
008 - عناصر البيانات ثابتة الطول - معلومات عامة
حقل البيانات ثابتة الطول 140319s9999 xx 000 0 ara d
040 ## - مصدر الفهرسة
وكالة الفهرسة الأصلية GCL /
وكالة النسخ GCL
082 04 - رقم تصنيف ديوى العشرى
رقم الطبعة 21
رقم التصنيف 610.953 \
رقم المادة ج ص
100 0# - المدخل الرئيسى - إسم شخصى
الإسم الشخصى جالينوس
245 12 - بيان العنوان
العنوان الصناعة الصغيرة /
بيان المسئوليه,etc جالينوس ؛ محمد سليم سالم ؛ محمد سليم سالم
260 ## - PUBLICATION, DISTRIBUTION, ETC. (IMPRINT)
تاريخ النشر أو التوزيع 1988
300 ## - الوصف المادى
التعداد 221 ص. ؛
أبعاد الوعاء 28 سم.
490 ## - بيان السلسلة
عنوان السلسلة منتخبات الاسكندراينين
رقم المجلد/ التعيين التسلسلي 0
650 04 - المدخل الاضافى بالموضوع-مصطلح موضوعى
مصطلح موضوعي الطب
650 04 - المدخل الاضافى بالموضوع-مصطلح موضوعى
مصطلح موضوعي التراث
650 04 - المدخل الاضافى بالموضوع-مصطلح موضوعى
مصطلح موضوعي التراث العربى
650 04 - المدخل الاضافى بالموضوع-مصطلح موضوعى
مصطلح موضوعي العلوم
650 04 - المدخل الاضافى بالموضوع-مصطلح موضوعى
مصطلح موضوعي العلوم عند العرب
650 04 - المدخل الاضافى بالموضوع-مصطلح موضوعى
مصطلح موضوعي الحضارة الاسلامية
700 0# - المدخل الاضافى - اسم شخصى
الإسم الشخصى محمد سليم سالم
الدور محقق
700 0# - المدخل الاضافى - اسم شخصى
الإسم الشخصى حنين بن اسحاق ، ابو زيد حنين بن اسحاق العبادى المتطبب
942 ## - عناصر المدخل الإضافي( كوها)
مصدر التصنيف او مخطط الترفيف Dewey Decimal Classification
Koha [default] item type كتاب
260 ## - PUBLICATION, DISTRIBUTION, ETC. (IMPRINT)
-- [S.N] :
-- الهيئة المصرية العامة للكتاب ،
Holdings
حالة التراجع حالة الفقد مصدر التصنيف او خطة الترفيف حالة تلف ليس للاعارة المكان المؤقت الموقع الحالى تاريخ الاكتساب اجمالي اﻻعارات رقم الطلب الباركود تاريخ اخر مشاهدة تاريخ تفعيل السعر نوع وعاء كوها
    ddc     مكتبة القاهرة الكبرى مكتبة القاهرة الكبرى 03/12/2019   610.953 \ ج ص 165668 03/12/2019 03/12/2019 كتاب

Powered By

EGPV